Making Marketing Work <A> Step by Step Guide for New Businesses

Gespeichert in:
Bibliographische Detailangaben
1. Verfasser: Earls, Gerard
Weitere Verfasser: Forsyth, Patrick
Format: Buch
Sprache:Englisch
Veröffentlicht: London Kogan Page 1989
Ausgabe:1. ed.
Tags: Tag hinzufügen
Keine Tags, Fügen Sie das erste Tag hinzu!

MARC

LEADER 00000nam a2200000 4500
001 c031412
005 20221215114116.4
041 0 |a eng 
044 |a GB 
245 1 0 |a Making Marketing Work  |b <A> Step by Step Guide for New Businesses  |c Gerard Earls, Patrick Forsyth 
250 |a 1. ed. 
264 1 |a London  |b Kogan Page  |c 1989 
300 |a 206 s. 
100 1 |a Earls, Gerard 
700 1 |a Forsyth, Patrick